000 00339nam a2200133Ia 4500
100 _aAICTE
250 _aVI
942 _cBK
654 _afinite
245 _aFinite elements Analysis in Engg Design VI C-N0: 41
260 _bContinuing Education Programmer AICTE
_aBangalore
_c1989
082 _a620.00151
_bAICTE
546 _aENGLISH
999 _c33860
_d33860